<?xml version="1.0" encoding="UTF-8"?>
<record
    xmlns:xsi="http://www.w3.org/2001/XMLSchema-instance"
    xsi:schemaLocation="http://www.loc.gov/MARC21/slim http://www.loc.gov/standards/marcxml/schema/MARC21slim.xsd"
    xmlns="http://www.loc.gov/MARC21/slim">

  <leader>01373nam a2200325 a 4500</leader>
  <controlfield tag="001">76139</controlfield>
  <controlfield tag="003">BD-RjUL</controlfield>
  <controlfield tag="005">20211209082811.0</controlfield>
  <controlfield tag="008">191030s1984    ii a     b   f000 0 eng d</controlfield>
  <datafield tag="020" ind1=" " ind2=" ">
    <subfield code="c">:Inland:  IRs. 26.00 ; Foreign:(GBP 3.00,  $ 5.00)</subfield>
  </datafield>
  <datafield tag="035" ind1=" " ind2=" ">
    <subfield code="a">(BD-RjUL)76360</subfield>
  </datafield>
  <datafield tag="040" ind1=" " ind2=" ">
    <subfield code="a">DLC</subfield>
    <subfield code="c">DLC</subfield>
    <subfield code="d">BD-RjUL</subfield>
    <subfield code="b">eng</subfield>
  </datafield>
  <datafield tag="041" ind1=" " ind2=" ">
    <subfield code="a">eng</subfield>
  </datafield>
  <datafield tag="082" ind1="0" ind2="0">
    <subfield code="2">23</subfield>
    <subfield code="a">590.7230954</subfield>
    <subfield code="b">REC 1984(JOS)</subfield>
  </datafield>
  <datafield tag="245" ind1="0" ind2="0">
    <subfield code="a">Records of the Zoological Survey of India:</subfield>
    <subfield code="b">Studies on the Asilidae (Diptera) Collections Made by Dr. Ghorpade /</subfield>
    <subfield code="c">by A. N. T. Joseph  and P. Parui ; edited by Zoological survey of India</subfield>
  </datafield>
  <datafield tag="246" ind1=" " ind2=" ">
    <subfield code="a">Studies on the Asilidae (Diptera) Collections Made by Dr. Ghorpade.</subfield>
  </datafield>
  <datafield tag="260" ind1=" " ind2=" ">
    <subfield code="a">Calcutta :</subfield>
    <subfield code="b">Zoological Survey of India,</subfield>
    <subfield code="c">c1984.</subfield>
  </datafield>
  <datafield tag="300" ind1=" " ind2=" ">
    <subfield code="a">[4],40 p. ;</subfield>
    <subfield code="c">24 cm.</subfield>
  </datafield>
  <datafield tag="490" ind1=" " ind2=" ">
    <subfield code="a">Miscellaneous publication : occasional paper ; </subfield>
    <subfield code="v">no. 66.</subfield>
  </datafield>
  <datafield tag="504" ind1=" " ind2=" ">
    <subfield code="a">Rederences: [p.38]-40</subfield>
  </datafield>
  <datafield tag="600" ind1=" " ind2=" ">
    <subfield code="a">Ghorpade, Kumar D.     </subfield>
    <subfield code="9">234290</subfield>
  </datafield>
  <datafield tag="650" ind1=" " ind2=" ">
    <subfield code="a">Zoology</subfield>
    <subfield code="x">Descriptive Research</subfield>
    <subfield code="z">India</subfield>
    <subfield code="9">234263</subfield>
  </datafield>
  <datafield tag="650" ind1=" " ind2=" ">
    <subfield code="a">Robber flies  </subfield>
    <subfield code="x">Catalogs and collections</subfield>
    <subfield code="z">India</subfield>
    <subfield code="9">234291</subfield>
  </datafield>
  <datafield tag="650" ind1=" " ind2=" ">
    <subfield code="a">Insects   </subfield>
    <subfield code="x">Catalogs and collections.  </subfield>
    <subfield code="9">234292</subfield>
  </datafield>
  <datafield tag="700" ind1="1" ind2=" ">
    <subfield code="a">Joseph, A. N. T. </subfield>
    <subfield code="9">234298</subfield>
  </datafield>
  <datafield tag="700" ind1="1" ind2=" ">
    <subfield code="a">Parui, P. , jt. auth</subfield>
    <subfield code="d">.</subfield>
    <subfield code="9">216842</subfield>
  </datafield>
  <datafield tag="710" ind1=" " ind2=" ">
    <subfield code="a">Zoological survey of India, ed.</subfield>
    <subfield code="9">234254</subfield>
  </datafield>
  <datafield tag="830" ind1=" " ind2=" ">
    <subfield code="a">Miscellaneous publication : Occasional paper ; </subfield>
    <subfield code="v">no. 66.</subfield>
    <subfield code="9">234299</subfield>
  </datafield>
  <datafield tag="942" ind1=" " ind2=" ">
    <subfield code="2">ddc</subfield>
    <subfield code="c">RAR</subfield>
  </datafield>
  <datafield tag="999" ind1=" " ind2=" ">
    <subfield code="c">76139</subfield>
    <subfield code="d">76139</subfield>
  </datafield>
  <datafield tag="952" ind1=" " ind2=" ">
    <subfield code="0">0</subfield>
    <subfield code="1">0</subfield>
    <subfield code="2">ddc</subfield>
    <subfield code="4">0</subfield>
    <subfield code="7">1</subfield>
    <subfield code="8">RARE</subfield>
    <subfield code="a">RUCL</subfield>
    <subfield code="b">RUCL</subfield>
    <subfield code="c">Rare</subfield>
    <subfield code="d">1996-05-15</subfield>
    <subfield code="e">Century Book, Rajshahi</subfield>
    <subfield code="g">5.00</subfield>
    <subfield code="l">0</subfield>
    <subfield code="o">RA 590.7230954 REC 1984(JOS)</subfield>
    <subfield code="r">2019-10-31 00:00:00</subfield>
    <subfield code="t">C-1</subfield>
    <subfield code="w">2019-10-31</subfield>
    <subfield code="y">RAR</subfield>
  </datafield>
</record>
